| 000 -LEADER |
| fixed length control field |
00729nam a2200217Ia 4500 |
| 001 - CONTROL NUMBER |
| control field |
7268 |
| 003 - CONTROL NUMBER IDENTIFIER |
| control field |
GE_BSU |
| 008 - FIXED-LENGTH DATA ELEMENTS--GENERAL INFORMATION |
| fixed length control field |
181216s||||||||xx |||||||||||||| ||und|| |
| 040 ## - CATALOGING SOURCE |
| Transcribing agency |
GE_BSU |
| 080 ## - UNIVERSAL DECIMAL CLASSIFICATION NUMBER |
| Universal Decimal Classification number |
621.892.0 |
| 100 ## - MAIN ENTRY--PERSONAL NAME |
| Personal name |
Виноградова,И.Э. |
| 245 ## - TITLE STATEMENT |
| Title |
Противоизностные присадки к маслам (противозадирные, противоизностные и антифрикционные). |
| 245 ## - TITLE STATEMENT |
| Statement of responsibility, etc. |
Ред. С.И.Бабушкина. |
| 260 ## - PUBLICATION, DISTRIBUTION, ETC. |
| Place of publication, distribution, etc. |
М. |
| 260 ## - PUBLICATION, DISTRIBUTION, ETC. |
| Name of publisher, distributor, etc. |
Химия. |
| 260 ## - PUBLICATION, DISTRIBUTION, ETC. |
| Date of publication, distribution, etc. |
1972. |
| 300 ## - PHYSICAL DESCRIPTION |
| Extent |
272стр.22см.297 библиогр. |
| 300 ## - PHYSICAL DESCRIPTION |
| Accompanying material |
31 табл. |
| 653 ## - INDEX TERM--UNCONTROLLED |
| Uncontrolled term |
Противоизностные присадки к маслам. |
| 942 ## - ADDED ENTRY ELEMENTS (KOHA) |
| Koha item type |
წიგნი |